Phytochemistry and plant taxonomy : (Record no. 7487)

MARC details
000 -LEADER
fixed length control field 00797nam a22002417a 4500
001 - CONTROL NUMBER
control field BD-DhSAU 7487
003 - CONTROL NUMBER IDENTIFIER
control field BD-DhSAU
005 - DATE AND TIME OF LATEST TRANSACTION
control field 20150523193755.0
008 - FIXED-LENGTH DATA ELEMENTS--GENERAL INFORMATION
fixed length control field 150523b1990 ii a|||| |||| 00| 0 eng d
040 ## - CATALOGING SOURCE
Original cataloging agency BD-DhSAU
082 ## - DEWEY DECIMAL CLASSIFICATION NUMBER
Edition number 22
Classification number 578.012
Item number BIP
100 ## - MAIN ENTRY--PERSONAL NAME
Personal name Bilgrami, K. S.
245 ## - TITLE STATEMENT
Title Phytochemistry and plant taxonomy :
Remainder of title proceedings of U.G.C. sponsored national symposium on phytochemistry in relation to botanical classification /
Statement of responsibility, etc. K. S. Bilgrami, J. V. V. Dogra
260 ## - PUBLICATION, DISTRIBUTION, ETC. (IMPRINT)
Place of publication, distribution, etc. Delhi, India :
Name of publisher, distributor, etc. CBS,
Date of publication, distribution, etc. c1990.
300 ## - PHYSICAL DESCRIPTION
Extent vi, 238 p. :
Other physical details ill. ;
Dimensions 24 cm.
504 ## - BIBLIOGRAPHY, ETC. NOTE
Bibliography, etc Includes bibliographical reference.
590 ## - Name of Cataloguer
Name of Cataloger Jerin
650 ## - SUBJECT ADDED ENTRY--TOPICAL TERM
Topical term or geographic name as entry element Genetics plant Breeding
650 ## - SUBJECT ADDED ENTRY--TOPICAL TERM
Topical term or geographic name as entry element plant taxonomy
650 ## - SUBJECT ADDED ENTRY--TOPICAL TERM
Topical term or geographic name as entry element Phytochemistry
700 ## - ADDED ENTRY--PERSONAL NAME
Personal name Dogra, J. V. V.
942 ## - ADDED ENTRY ELEMENTS (KOHA)
Source of classification or shelving scheme Dewey Decimal Classification
Koha item type Book
Holdings
Withdrawn status Lost status Source of classification or shelving scheme Damaged status Not for loan Collection code Home library Branch Name Shelving location Date acquired Total Checkouts Full call number Barcode Date last seen Price effective from Koha item type
    Dewey Decimal Classification   Not For Loan Reference SAU Library SAU Library Reference 28/06/2001   578.012 BIP 29963 23/05/2015 23/05/2015 Book